000 00685nam a22001817a 4500
999 _c9320
_d9320
003 AR-CdUCM
008 190327b ||||| |||| 00| 0 spa d
040 _aMUNICIPALIDAD PROVINCIAL DEL CUSCO
_cBIBLIOTECA MUNICIPAL DEL CUSCO
082 _a910.02 /
_bD66
100 _aDollfus, Olivier
_914283
245 _aEl análisis geográfico /
260 _aBarcelona :
_bOikos-Tau,
_c1978.
300 _a135 paginas ;
_c17 cm.
505 _aContenido :La descripción y la localización --La estructuras geográficas --Sistemas redes y funciones --La diferenciación espacial --El tiempo --Los modelos y la geografía /
650 _aGeografía
_9318
942 _2ddc
_cLIBROS
945 _arjall